| 000 | 00448 a2200157 4500 | ||
|---|---|---|---|
| 999 |
_c7962 _d7962 |
||
| 020 | _a9781920409920 | ||
| 050 | _aKF478 MUG 2012 | ||
| 100 |
_aMugadza, Theresa _eauthor |
||
| 245 |
_aGender analysis of Zimbabwe constitutional draft / _cTeresa Mugadza and Thoko Matshe |
||
| 264 |
_aHarare: _bZimbabwe institute., _c2012 |
||
| 300 | _a37 pages | ||
| 500 | _ano index | ||
| 650 | _aGender | ||
| 700 | _aMatshe, Thoko | ||
| 942 |
_2lcc _cBK _h478 _iMUG _kKF |
||